LEADER 00839nam0 22002651i 450 001 RML0253738 005 20231121125712.0 010 $a880204886X 100 $a20121121d1995 ||||0itac50 ba 101 | $aita 102 $ait 181 1$6z01$ai $bxxxe 182 1$6z01$an 200 1 $aBioetica 210 $aTorino $cUtet $d1995 606 $aBioetica$2FIR$3RMLC002174$9E 700 1$aRomano$b, Carlo$3RMLV164057$0414585 801 3$aIT$bIT-01$c20121121 850 $aIT-FR0098 899 $aBiblioteca Area Giuridico Economica$bFR0098 912 $aRML0253738 950 0$aBiblioteca Area Giuridico Economica$d 53DSG 03/0547$e 53VM 0000246355 VM barcode:GIU0002134. - Inventario:5210VM$fA $h20010423$i20121204 977 $a 53 996 $aBioetica$9688295 997 $aUNICAS